[Event "ECU-ch U18 Girls"]
[Site "Riobamba"]
[Date "2023.04.13"]
[Round "3"]
[White "Borbor Velez, Leysla Amada"]
[Black "Valverde Suarez, Alhanys Veronica"]
[Result "1/2-1/2"]
[WhiteElo "1462"]
[BlackElo "1208"]
[PlyCount "44"]
[EventDate "2023.04.12"]
[EventType "swiss"]
[EventRounds "9"]
[EventCountry "ECU"]
[SourceTitle "EXT 2024"]
[Source "ChessBase"]
[SourceDate "2023.10.10"]
[SourceVersion "1"]
[SourceVersionDate "2023.10.10"]
[SourceQuality "1"]

1. d4 Nf6 2. c4 e6 3. Nf3 d5 4. g3 Be7 5. Bg2 0-0 6. 0-0 b6 7. cxd5 exd5 8. Bg5 Bb7 9. Nc3 h6 10. Bxf6 Bxf6 11. Qb3 c6 12. Rad1 Re8 13. Rfe1 Na6 14. e4 dxe4 15. Nxe4 Nc7 16. Ne5 Nd5 17. Nc3 Rc8 18. Nxc6 Bxc6 19. Rxe8+ Qxe8 20. Bxd5 Bxd5 21. Nxd5 Qd8 22. Nxf6+ Qxf6 1/2-1/2

[Event "ECU-ch (Women)"]
[Site "Salinas"]
[Date "2021.12.18"]
[Round "5"]
[White "Borbor Velez, Leysla Amada"]
[Black "Cata Pallo, Alejandra Nicole"]
[Result "1-0"]
[WhiteElo "1337"]
[BlackElo "1554"]
[PlyCount "71"]
[EventDate "2021.12.16"]
[EventType "swiss"]
[EventRounds "7"]
[EventCountry "ECU"]
[SourceTitle "EXT 2023"]
[Source "ChessBase"]
[SourceDate "2022.10.05"]
[SourceVersion "1"]
[SourceVersionDate "2022.10.05"]
[SourceQuality "1"]

1. d4 Nf6 2. c4 g6 3. Nc3 d5 4. Nf3 Bg7 5. Bf4 0-0 6. e3 c5 7. Be2 Nc6 8. dxc5 dxc4 9. Qxd8 Rxd8 10. Rd1 Bf5 11. 0-0 Bd3 12. Bxd3 Rxd3 13. Nd2 Rad8 14. Nxc4 Rxd1 15. Rxd1 Rxd1+ 16. Nxd1 Ne4 17. Kf1 Nxc5 18. Ke2 f5 19. f3 Kf7 20. Bg3 b5 21. Nd2 e5 22. Nc3 b4 23. Nb5 Ke6 24. Nc4 Kd7 25. Nbd6 Na5 26. Nxf5 gxf5 27. Nxa5 e4 28. Nc4 Nd3 29. Be1 Nc1+ 30. Kd1 Nxa2 31. Kc2 Kc6 32. Bd2 Kb5 33. Kb3 Bf6 34. Nd6+ Kc5 35. Nxf5 a5 36. Kxa2 1-0

[Event "ECU-ch (Women)"]
[Site "Salinas"]
[Date "2021.12.17"]
[Round "4"]
[White "Pacheco Jimenez, Yesenia Camila"]
[Black "Borbor Velez, Leysla Amada"]
[Result "1-0"]
[WhiteElo "1620"]
[BlackElo "1337"]
[PlyCount "84"]
[EventDate "2021.12.16"]
[EventType "swiss"]
[EventRounds "7"]
[EventCountry "ECU"]
[SourceTitle "EXT 2023"]
[Source "ChessBase"]
[SourceDate "2022.10.05"]
[SourceVersion "1"]
[SourceVersionDate "2022.10.05"]
[SourceQuality "1"]

1. d4 d5 2. Nf3 Nf6 3. g3 e6 4. Bg2 c5 5. c3 cxd4 6. cxd4 Be7 7. 0-0 0-0 8. Nc3 Nc6 9. Bf4 a6 10. Rc1 Bd7 11. Re1 Rc8 12. Ne5 Qb6 13. Na4 Qa5 14. Nxd7 Nxd7 15. a3 b5 16. Nc5 Nxc5 17. dxc5 b4 18. e4 d4 19. a4 e5 20. Bd2 Bxc5 21. b3 Qb6 22. Qc2 Na5 23. Qd3 Bd6 24. Bf1 h6 25. Bh3 Rxc1 26. Rxc1 Nb7 27. Qc4 Nc5 28. Qd5 Rd8 29. Bf5 Qb7 30. Rxc5 Qe7 31. Rc6 Bb8 32. Qxd8+ Qxd8 33. Rc8 Qxc8 34. Bxc8 a5 35. Kf1 Kf8 36. Ke2 Ke7 37. Kd3 Kd6 38. Kc4 Kc6 39. Ba6 Ba7 40. Bb5+ Kd6 41. f4 f6 42. fxe5+ fxe5 1-0

[Event "Pan American-ch School U13 Girls"]
[Site "Medellin"]
[Date "2019.11.13"]
[Round "3"]
[White "Borbor Velez, Leysla Amada"]
[Black "Bravo Mallco, Kate Azumi"]
[Result "1/2-1/2"]
[WhiteElo "1434"]
[BlackElo "1874"]
[PlyCount "145"]
[EventDate "2019.11.12"]
[EventType "swiss"]
[EventRounds "9"]
[EventCountry "COL"]
[SourceTitle "CBM 193 Extra"]
[Source "ChessBase"]
[SourceDate "2020.01.31"]
[SourceVersion "1"]
[SourceVersionDate "2020.01.31"]
[SourceQuality "1"]

1. d4 d5 2. c4 c6 3. Nf3 Nf6 4. e3 e6 5. Nc3 Nbd7 6. Bd3 dxc4 7. Bxc4 b5 8. Bd3 a6 9. 0-0 c5 10. dxc5 Nxc5 11. Bc2 Bb7 12. Qe2 Be7 13. a3 Nce4 14. Nxe4 Nxe4 15. Nd4 0-0 16. Qf3 Nc5 17. Qh3 g6 18. b4 Na4 19. Rd1 Qb6 20. Bb3 Bd5 21. Bxd5 exd5 22. Rd3 Bf6 23. Rb1 Bxd4 24. exd4 Rfe8 25. Bd2 Rac8 26. Qh6 Qc7 27. Re3 Nb6 28. Rxe8+ Rxe8 29. Bf4 Qc2 30. Rf1 Nc4 31. h3 Qf5 32. Ra1 Re4 33. Be3 Qf6 34. Rc1 Qh4 35. Qxh4 Rxh4 36. Rc3 Re4 37. Kf1 f5 38. g3 Kf7 39. Ke2 g5 40. f3 Re6 41. Kf2 Kf6 42. Rb3 Re8 43. Bc1 h5 44. Rc3 Re6 45. Rd3 Re8 46. Rc3 Re6 47. Rd3 g4 48. h4 Re8 49. Bg5+ Ke6 50. Bc1 Kd7 51. Rd1 Nd6 52. Bf4 Nc4 53. Rd3 a5 54. bxa5 Nxa5 55. Bd2 Nc4 56. Bb4 Ra8 57. Rc3 Ra6 58. Rb3 Ra4 59. Bc5 Kc6 60. Bb4 Ra8 61. Rc3 Kd7 62. Rb3 Kc6 63. Rc3 Kb6 64. Rb3 Ka6 65. Rd3 Kb7 66. Rb3 Ra4 67. Rd3 Kc6 68. Rc3 Ra7 69. Rd3 Rf7 70. Kg2 Kd7 71. Kf2 Rf6 72. Kg2 Rf7 73. Kf2 1/2-1/2

[Event "Pan American-ch U14 Girls"]
[Site "Guayaquil"]
[Date "2019.07.22"]
[Round "2"]
[White "Chavarria Soto, Ariana Lucia"]
[Black "Borbor Velez, Leysla Amada"]
[Result "0-1"]
[WhiteElo "1129"]
[BlackElo "1346"]
[PlyCount "134"]
[EventDate "2019.07.21"]
[EventType "swiss"]
[EventRounds "9"]
[EventCountry "ECU"]
[SourceTitle "EXT 2020"]
[Source "ChessBase"]
[SourceDate "2019.10.17"]
[SourceVersion "1"]
[SourceVersionDate "2019.10.17"]
[SourceQuality "1"]

1. d4 d5 2. Nf3 Nf6 3. Bf4 e6 4. h3 Nbd7 5. e3 c5 6. c3 c4 7. Nbd2 Be7 8. b3 b5 9. bxc4 bxc4 10. Qc2 Nb6 11. Ne5 Bd7 12. Nxd7 Qxd7 13. e4 Qa4 14. Qb1 Qa5 15. Qc2 Na4 16. exd5 exd5 17. Bc7 Qxc7 18. Qxa4+ Nd7 19. g3 0-0 20. Bg2 Nb6 21. Qc2 Rfe8 22. 0-0 Bd6 23. Nf3 h6 24. Rfe1 Nd7 25. Rxe8+ Rxe8 26. Re1 Rxe1+ 27. Nxe1 Nf6 28. Qf5 Qe7 29. Nf3 g6 30. Qc2 Kg7 31. Nd2 Qe1+ 32. Nf1 Bc7 33. Qa4 Bb6 34. Qa3 Ne4 35. Bxe4 Qxe4 36. Ne3 Qe6 37. Kg2 Qd7 38. Nc2 Bd8 39. Ne3 Bb6 40. Nc2 Qe8 41. Ne3 Qe6 42. Qb4 g5 43. Qb5 Qe4+ 44. Kf1 Qh1+ 45. Ke2 Qe4 46. Qxd5 Qd3+ 47. Kf3 Qxc3 48. Qxc4 Qxc4 49. Nxc4 Bxd4 50. Ke2 Kf6 51. f3 Ke6 52. g4 f5 53. Kd3 Bc5 54. Ne3 Bxe3 55. Kxe3 Ke5 56. a4 f4+ 57. Kd3 Kd5 58. Kc3 Kc5 59. Kb3 Kd4 60. Kb4 Ke3 61. Ka5 Kxf3 62. Ka6 Kg3 63. Kxa7 f3 64. a5 f2 65. a6 f1Q 66. Kb7 Qxa6+ 67. Kxa6 Kxh3 0-1

[Event "ECU-ch U16 Girls"]
[Site "Guayaquil"]
[Date "2019.04.21"]
[Round "9"]
[White "Cedeno Suarez, Cristina"]
[Black "Borbor Velez, Leysla Amada"]
[Result "1/2-1/2"]
[WhiteElo "1392"]
[BlackElo "1352"]
[PlyCount "69"]
[EventDate "2019.04.17"]
[EventType "swiss"]
[EventRounds "9"]
[EventCountry "ECU"]
[SourceTitle "CBM 190 Extra"]
[Source "ChessBase"]
[SourceDate "2019.07.15"]
[SourceVersion "1"]
[SourceVersionDate "2019.07.15"]
[SourceQuality "1"]

1. e4 c5 2. Nf3 e6 3. c4 d6 4. Be2 Nd7 5. 0-0 Ngf6 6. Nc3 Be7 7. d4 cxd4 8. Nxd4 a6 9. Be3 Qc7 10. Qc2 b6 11. Rac1 Bb7 12. Rfd1 Rc8 13. f3 0-0 14. Qd2 Qb8 15. Bf1 Rfd8 16. b3 Bf8 17. Nde2 Nc5 18. Qb2 Ba8 19. Rd2 a5 20. Rcd1 Rd7 21. Nb5 Bc6 22. Nec3 Rcd8 23. Bf2 Na6 24. Bg3 Be7 25. Bf4 Nh5 26. Be3 Nc7 27. Nd4 Ba8 28. Ndb5 Bc6 29. Nxc7 Qxc7 30. Rd3 Nf6 31. Qf2 Rb8 32. R3d2 h6 33. Bf4 Rbd8 34. Be3 Rb8 35. Bf4 1/2-1/2

[Event "ECU-ch U16 Girls"]
[Site "Guayaquil"]
[Date "2019.04.20"]
[Round "7"]
[White "Loor Veliz, Thais Arianna"]
[Black "Borbor Velez, Leysla Amada"]
[Result "1/2-1/2"]
[WhiteElo "1369"]
[BlackElo "1352"]
[PlyCount "51"]
[EventDate "2019.04.17"]
[EventType "swiss"]
[EventRounds "9"]
[EventCountry "ECU"]
[SourceTitle "CBM 190 Extra"]
[Source "ChessBase"]
[SourceDate "2019.07.15"]
[SourceVersion "1"]
[SourceVersionDate "2019.07.15"]
[SourceQuality "1"]

1. e4 c5 2. Nf3 e6 3. d4 cxd4 4. Nxd4 a6 5. Nc3 Qc7 6. Bd3 g6 7. Be3 Bg7 8. Qd2 Ne7 9. 0-0-0 d6 10. h4 h5 11. f3 Nd7 12. g4 Nc5 13. Be2 hxg4 14. fxg4 b5 15. Bxb5+ Bd7 16. Bxd7+ Nxd7 17. Rdf1 Ne5 18. Qf2 Kd7 19. Qg3 Rhf8 20. h5 Nc4 21. h6 Bh8 22. Bg1 Rab8 23. b3 Ne5 24. Kd2 Rbc8 25. Rh3 N7c6 26. Kd1 1/2-1/2

[Event "ECU-ch U16 Girls"]
[Site "Guayaquil"]
[Date "2019.04.19"]
[Round "5"]
[White "Miranda Vargas, Analia Karen"]
[Black "Borbor Velez, Leysla Amada"]
[Result "1-0"]
[WhiteElo "1484"]
[BlackElo "1352"]
[PlyCount "57"]
[EventDate "2019.04.17"]
[EventType "swiss"]
[EventRounds "9"]
[EventCountry "ECU"]
[SourceTitle "CBM 190 Extra"]
[Source "ChessBase"]
[SourceDate "2019.07.15"]
[SourceVersion "1"]
[SourceVersionDate "2019.07.15"]
[SourceQuality "1"]

1. e4 c5 2. Nf3 e6 3. d4 cxd4 4. Nxd4 a6 5. Nc3 Qc7 6. Bd3 g6 7. 0-0 Bg7 8. Be3 Ne7 9. Kh1 0-0 10. f4 d6 11. Nde2 Nbc6 12. Ng3 d5 13. exd5 exd5 14. Bc5 Re8 15. f5 Ne5 16. Bxe7 Qxe7 17. f6 Qc5 18. fxg7 Kxg7 19. Qd2 Ng4 20. Qf4 Re7 21. h3 Ne5 22. Rae1 Qd6 23. Nxd5 Re8 24. Qf6+ Qxf6 25. Nxf6 Re6 26. Nd5 Nxd3 27. cxd3 Rd6 28. Nc7 Rb8 29. Ne8+ 1-0

[Event "ECU-ch U16 Girls"]
[Site "Guayaquil"]
[Date "2019.04.18"]
[Round "3"]
[White "Palacios Gordillo, Camila Estefania"]
[Black "Borbor Velez, Leysla Amada"]
[Result "0-1"]
[WhiteElo "1162"]
[BlackElo "1352"]
[PlyCount "104"]
[EventDate "2019.04.17"]
[EventType "swiss"]
[EventRounds "9"]
[EventCountry "ECU"]
[SourceTitle "CBM 190 Extra"]
[Source "ChessBase"]
[SourceDate "2019.07.15"]
[SourceVersion "1"]
[SourceVersionDate "2019.07.15"]
[SourceQuality "1"]

1. d4 d5 2. c4 e6 3. cxd5 exd5 4. Nf3 Nf6 5. Nc3 Bb4 6. Bf4 0-0 7. a3 Bxc3+ 8. bxc3 h6 9. e3 Bf5 10. c4 c6 11. cxd5 Nxd5 12. Bg3 Qa5+ 13. Qd2 Qxd2+ 14. Nxd2 Nf6 15. Bc4 Nbd7 16. 0-0 Nb6 17. Ba2 Rfe8 18. Bb1 Bxb1 19. Raxb1 Re7 20. Rbc1 Rd7 21. Nc4 Nxc4 22. Rxc4 Ne4 23. Rb4 Nxg3 24. hxg3 b6 25. Rc1 Rc8 26. a4 Rdc7 27. Kf1 Kf8 28. Ke2 Ke7 29. Kd3 Kd6 30. Rbc4 c5 31. f4 f5 32. Rh1 cxd4 33. Rxd4+ Ke6 34. Rd1 Rc2 35. Rd2 R8c3+ 36. Ke2 Rxd2+ 37. Rxd2 Rc4 38. Rd4 Rxd4 39. exd4 Kd5 40. Kd3 a6 41. Kc3 h5 42. Kd3 b5 43. axb5 axb5 44. Kc3 Ke4 45. Kb4 Kxd4 46. Kxb5 Ke3 47. Kc5 Kf2 48. Kd5 Kxg3 49. Ke5 Kg4 50. g3 g6 51. Kf6 Kxg3 52. Kg5 h4 0-1